Future Stresses for Energy Resources - Energy Abundance: Myth or Reality? / (Record no. 5947)
[ view plain ]
| 000 -LEADER | |
|---|---|
| fixed length control field | 00379cam a2200133ua 4500 |
| 020 ## - INTERNATIONAL STANDARD BOOK NUMBER | |
| ISBN | 0 86010 824 4 |
| 082 ## - DEWEY DECIMAL CLASSIFICATION NUMBER | |
| Classification number | 333.7912 |
| Item number | FRI/FU |
| 100 ## - MAIN ENTRY--AUTHOR NAME | |
| Personal name | Frisch, Jean Romain . |
| 245 ## - TITLE STATEMENT | |
| Title | Future Stresses for Energy Resources - Energy Abundance: Myth or Reality? / |
| 250 ## - EDITION STATEMENT | |
| Edition statement | 1 / |
| 260 ## - PUBLICATION, DISTRIBUTION, ETC. (IMPRINT) | |
| Place of publication | London : |
| Name of publisher | Graham and Trotman , |
| Year of publication | 1986. |
| 300 ## - PHYSICAL DESCRIPTION | |
| Number of Pages | 226 ; . |
| 942 ## - ADDED ENTRY ELEMENTS (KOHA) | |
| Koha item type | Reference |
| Withdrawn status | Lost status | Damaged status | Collection code | Home library | Current library | Shelving location | Date acquired | Full call number | Accession Number | Koha item type |
|---|---|---|---|---|---|---|---|---|---|---|
| Reference | KAUAET | KAUAET | Reference | 07/04/2012 | 333.7912.FRI/FU | 19911 | Reference |
